00602nam a2200241Ia 450000500170000000800460001702000180006303700100008104000080009104000080009904000080010704100080011504100080012308400080013110000210013924500580016024500440021826000230026226000090028536500050029436500080029985600530030720260324130100.0008 260324s9999 xx 000 0 eng d a9781315705743 aEBOOK aCRL beng cCRL 2eng aeng qCRL aPhilip Wilkinson 0aChinese Myth: A Treasury of Legends, Art, and History 2bA Treasury of Legends, Art, and History bTaylor and Francis c2008 a b255 uhttp://www.taylorfrancis.com/books/9781315705743